000
00275nam a2200097Ia 4500
001
1228195
005
20250827093037.0
008
250824s9999 xx 000 0 und d
245
0
_a
KISKANÇ BEBEKLER
_c
GÜLTEN DAYIOĞLU
260
_b
ALTIN KİTAPLAR YAYINLARI
999
_c
1228195
_d
1228195